Sports Quiz

Random Sports or Automobiles Quiz

WTCC 2006 Teams & Drivers Quiz Stats

 Plays Quiz not verified by Sporcle

Challenge
Share
Tweet
Embed
Score 0/50 Timer 13:00
0 Plays Today
Number and Team Driver % Correct
#2 SEAT SportGabriele Tarquini
93.8%
#8 Chevrolet RMLAlain Menu
93.8%
#3 SEAT SportRickard Rydell
90.6%
#6 Chevrolet RMLRobert Huff
90.6%
#15 N.technologyAugusto Farfus
90.6%
#7 Chevrolet RMLNicola Larini
87.5%
#11 SEAT SportJames Thompson
87.5%
#12 SEAT SportYvan Muller
87.5%
#1 BMW Team UKAndy Priaulx
84.4%
#4 BMW Team Italy-SpainAlessandro Zanardi
84.4%
#9 SEAT SportJordi Gené
84.4%
#20 GR AsiaTom Coronel
78.1%
#25 JAS MotorsportFabrizio Giovanardi
75%
#31 Proteam MotorsportStefano D'Aste
59.4%
#41 BMW Team Italy-SpainDuncan Huisman
56.3%
#10 SEAT SportPeter Terting
53.1%
#16 N.technologyGianni Morbidelli
53.1%
#66 SEAT SportAndré Couto
53.1%
#23 JAS MotorsportPierre-Yves Corthals
43.8%
#24 JAS MotorsportRyan Sharp
43.8%
#38 Maurer MotorsportVincent Radermecker
40.6%
#33 Wiechers-SportEmmet O'Brien
37.5%
#42 BMW Team DeutschlandJörg Müller
37.5%
#43 BMW Team DeutschlandDirk Müller
37.5%
#48 Maurer MotorsportMaria de Villota
37.5%
Number and Team Driver % Correct
#58 Scuderia del GirasoleRoberto Colciago
37.5%
#18 N.technologySalvatore Tavano
34.4%
#46 Peugeot Sport DenmarkJens Edman
31.3%
#47 Kosifler MotorsportIbrahim Okyay
31.3%
#55 Zerocinque MotorsportStefano Valli
31.3%
#40 BMW Team UKJan Magnussen
28.1%
#51 DB MotorsportAlessandro Balzan
28.1%
#30 Proteam MotorsportLuca Rangoni
25%
#19 GR AsiaMaurizio Ceresoli
21.9%
#54 GDL RacingEmanuele Naspetti
21.9%
#62 Ao's Racing TeamAo Chi Hong
18.8%
#34 Wiechers-SportDiego Romanini
15.6%
#37 Maurer MotorsportRainer Bastuck
15.6%
#44 Československý MotorsportJiří Janák
15.6%
#57 Scuderia del GirasoleDavide Roda
15.6%
#5 BMW Team Italy-SpainMarcel Costa
12.5%
#14 SEAT SportFlorian Gruber
12.5%
#21 SEAT SportOscar Nogués
12.5%
#32 Wiechers-SportOscar Alberto Hidalgo
12.5%
#36 Equipe TekPromLucas Molo
12.5%
#39 TFS-Yaco RacingPhilip Greipel
12.5%
#56 Zerocinque MotorsportSimone Iacone
12.5%
#53 Scuderia La TorreRiccardo Romagnoli
12.5%
#35 Wiechers-SportJan Vonka
9.4%
#52 DB MotorsportElio Marchetti
9.4%

You're not logged in!

Compare scores with friends on all Sporcle quizzes.
Join for Free
OR
Log In

You Might Also Like...

Show Comments

Extras

Top Quizzes Today


Score Distribution

Your Account Isn't Verified!

In order to create a playlist on Sporcle, you need to verify the email address you used during registration. Go to your Sporcle Settings to finish the process.

Report this User

Report this user for behavior that violates our Community Guidelines.

Details: